| 000 | 01059nas a2200337 4500 | ||
|---|---|---|---|
| 001 | BR0905854 | ||
| 003 | BR-BrBNA | ||
| 005 | 20231205113747.0 | ||
| 007 | ta | ||
| 008 | 230509b bl.|||p| |||| 00| 00por d | ||
| 040 |
_aBR-BrBNA _bpor _cBiblioteca Nacional de Agricultura |
||
| 041 | _a(Pt) | ||
| 072 | _aF60 | ||
| 100 | 1 | _aMontes, S.M.N.M. | |
| 100 | 1 | _aBoliani, A.C. | |
| 100 | 1 | _aRaga, A. | |
| 100 | 1 | _aSantos, P.C. dos | |
| 100 | 1 | _aCorrêa, L. de S. | |
| 100 | 1 | _aFerrari, J.T. | |
| 245 | 1 | _aCaracterísticas produtivas, físicas e químicas de frutos de cultivares de pessegueiros sobre dois porta-enxertos no oeste do estado de São Paulo | |
| 650 | _aPÊSSEGO | ||
| 650 | _aPROPRIEDADE FÍSICO-QUÍMICA | ||
| 650 | _aQUALIDADE | ||
| 650 | _aPORTA ENXERTO | ||
| 650 | _aVARIEDADE | ||
| 650 | _aPRODUTIVIDADE | ||
| 650 | _aSÃO PAULO | ||
| 773 | 0 |
_tRevista Brasileira de Fruticultura (Brazil) _xISSN 0100 2945 _g(Dec 2008), v. 30(4) p. 1065-1070 _wBR0905854 |
|
| 909 |
_a202311 _bLúcia _c55 _dLúcia Elande |
||
| 942 |
_2AGRIS _n0 _cANA |
||
| 999 |
_c205458 _d205458 |
||